Movies Quiz

Random Movies Quiz

What Movie? Films by Words 30 (Slideshow) Quiz Stats

 Plays Quiz not verified by Sporcle

Score 0/30 Timer 08:00
0 Plays Today
% Correct
Hotel Rwanda
93.3%
The Grand Budapest Hotel
92.6%
One Flew Over the Cuckoo's Nest
92.5%
Hotel Transylvania
92%
Coming to America
89.1%
The Blair Witch Project
88.2%
The Chronicles of Narnia: The Lion, the Witch and the Wardrobe
84.5%
Borat: Cultural Learnings of America for Make Benefit Glorious Nation of Kazakhstan
75.7%
Team America: World Police
74.7%
Rogue One
69.2%
Hansel & Gretel: Witch Hunters
58%
The Birth of a Nation
56.8%
The Best Exotic Marigold Hotel
56.8%
St. Elmo's Fire
56.5%
Mission: Impossible – Rogue Nation
55.6%
% Correct
Meet Me in St. Louis
52.9%
Fast Food Nation
46.8%
Grand Hotel
44.3%
St. Vincent
41.9%
Once Upon a Time in America
40.2%
Season of the Witch
35%
Beasts of No Nation
33.5%
The Death and Life of Charlie St. Cloud
32.6%
The Last Witch Hunter
29.9%
One Day
27.7%
St. Trinian's
26.2%
The Brave One
22.6%
In America
16%
God Bless America
9.4%
Tell No One
4.8%

You're not logged in!

Compare scores with friends on all Sporcle quizzes.
OR
Log In

Sporcle TV

Today on Sporcle TV


Watch our educational content, quiz creation guides, and fun videos on Sporcle TV.

Show Comments

Extras

Created Sep 4, 2017ReportNominate
Tags:bottom, Single, Slideshow

Top Quizzes Today


Score Distribution

Your Account Isn't Verified!

In order to create a playlist on Sporcle, you need to verify the email address you used during registration. Go to your Sporcle Settings to finish the process.

Report this User

Report this user for behavior that violates our Community Guidelines.

Details: